000 01471nam a2200241Ia 4500
003 Ost
005 20260507074856.0
008 260507s9999||||xx |||||||||||||| ||und||
020 _a9953462291
040 _cfsecg
041 _aara
082 _a346.07
100 _aرستم، محمد خالد جمال
_eمؤلف
245 0 _aالتنظيم القانوني للتجارة والإثبات الإلكتروني في العالم /
_c محمد خالد جمال رستم
260 _aبيروت:
_bمنشورات الحلبي الحقوقية,
_c2006
300 _a527 صفحة؛
_bإيضاحات ؛
_c25 سم
504 _aبيبليوغرافيا: ص.521
520 _aيضم التنظيم القانوني للتقاعد عن بعد، الحماية القانونية لنظم المعلومات والتبادلات الالكترونية في الدول العربية، التوقيع الالكتروني في سطور، اقتراح احكام المعاملات الالكترونية اللبناني، مشروع القانون اللبناني حول الاثبات بالوسائط الالكترونية، اقتراح قانون متعلق بالتواقيع الالكترونية اللبنانب، اقتراح قانون المتعلق بالتوقيع والسندات الالكترونية اللبناني.
653 _aالتجارة
653 _aالتنظيم
653 _aالقانون التجاري
942 _cكتاب
999 _c41616
_d41616